Úverové deriváty, produkty sekuritizácie

Úverové deriváty, produkty sekuritizácie, ich význam, členenie a použitie. Druhy úverových derivátov a ich charakteristika.

Saved in:
Bibliographic Details
Main Author: Napolitano, Barbara
Format: Book Chapter
Language:Slovak
Subjects:
Tags: Add Tag
No Tags, Be the first to tag this record!

MARC

LEADER 00000nla a2200000 4500
001 0157153
005 20240502072738.3
041 0 |a slo 
044 |a SK 
245 1 0 |a Úverové deriváty, produkty sekuritizácie  |c Barbara Napolitano 
520 |a Úverové deriváty, produkty sekuritizácie, ich význam, členenie a použitie. Druhy úverových derivátov a ich charakteristika. 
610 2 0 |a bankovníctvo 
610 2 0 |a banky 
610 2 0 |a sekuritizácia 
610 2 0 |a úver 
610 2 0 |a deriváty 
100 1 |a Napolitano, Barbara